000 01139nam a2200301 c 4500
003 BLK
005 20230406030302.0
008 180411b bul|||||r ||||||| ||bul||
010 _aKNG00197408000
040 _aBLK
041 _aBUL
_cBUL
080 _aБългарска литература
_b821.163.2
_x-31
_z821.163.2-31
100 1 _aХарманджиев, Тодор
_gХарманджиев, Тодор Александров, Илиев, Тодор Александров, Василев, Тодор Александров
_cпоет, преводач
_d1905-1993
_qИлиев, Тодор Александров
_9249306
139 _aХарманджиев, Тодор
_bХ 28
245 1 0 _aВъзмездия
_bТрилогия : Кн. 1 -
_cТодор Харманджиев.
_nКн. 1 - 2
_pРодове
257 _aBGR
260 София
_bВоен. изд.
_c1984 -
300 _c21 см
380 _aX
500 _a12 730 тир.
505 _gРомани
_r
_tГероите на Булаир се завърнаха
760 1 _aХарманджиев, Тодор
_d1984
_h440 с.
_tКн. 1 - 2 Родове
852 _aЦб 125944
856 4 _qpdf
_u
856 4 _qpdf
_u
942 _cKNG
_n0
_01
944 _aCR
_c05.12.2016
_kПравда_Бадева
944 _aED
_c05.12.2016
_kПравда_Бадева
999 _c188390
_d188390